Movies Quiz

Random Movies or Director Quiz

Two-Word Movie Title Jumble Quiz Stats

 Plays Quiz Updated Nov 26, 2016

Support Sporcle.
Go Orange.
Score 0/16 Timer 06:00
3 Plays Today
Jumbled Movie Titles Answer % Correct
KOKINGNG King Kong
92.7%
HFOUTZZ Hot Fuzz
90.1%
TGOUNP Top Gun
84.1%
AMEGRARIFFCIATNI American Graffiti
82.9%
INGBLOUASRIOTEUSRDS Inglourious Basterds
78.4%
BSLAADZDILNEGS Blazing Saddles
78.4%
MIRENOPORIRTTY Minority Report
75.9%
AHNANLILE Annie Hall
69.5%
Jumbled Movie Titles Answer % Correct
MAJEGURRIREY Jerry Maguire
68.6%
DFESITNIANLATION Final Destination
66%
MOTIDEMERNS Modern Times
54.7%
AHLOONEME Home Alone
53.1%
REBATUTMRNANS Batman Returns
51%
TWOCEELANVES Ocean's Twelve
39.4%
BRAUGLINLG Raging Bull
39.1%
PPEATNER Peter Pan
39%

You're not logged in!

Compare scores with friends on all Sporcle quizzes.
OR
Log In

From the Vault

4 to 13 Letter 'V' Places

by FilipinoBreloom

Unfortunately, Valhalla was considered slightly too mythological to make it into this quiz.
Remove Ads.
Support Sporcle.
Get the best of Sporcle when you Go Orange. This ad-free experience offers more features, more stats, and more fun while also helping to support Sporcle. Thank you for becoming a member.

Show Comments

Extras

Top Quizzes Today


Score Distribution

Your Account Isn't Verified!

In order to create a playlist on Sporcle, you need to verify the email address you used during registration. Go to your Sporcle Settings to finish the process.

Report this User

Report this user for behavior that violates our Community Guidelines.

Details: